[Event "Reunion op 19th"]
[Site "St Denis"]
[Date "2017.10.20"]
[Round "6"]
[White "Mercadal, Theo"]
[Black "Laoussing, Mathis"]
[Result "1/2-1/2"]
[WhiteElo "1661"]
[BlackElo "1350"]
[PlyCount "127"]
[EventDate "2017.10.16"]
[EventType "swiss"]
[EventRounds "7"]
[EventCountry "RUF"]
[SourceTitle "CBM 181 Extra"]
[Source "ChessBase"]
[SourceDate "2017.12.12"]
[SourceVersion "1"]
[SourceVersionDate "2017.12.12"]
[SourceQuality "1"]

1. c4 e5 2. Nc3 Nc6 3. g3 g6 4. Bg2 f5 5. d3 Bg7 6. Nf3 Nf6 7. a3 a5 8. Rb1 d6 9. Qc2 0-0 10. 0-0 Re8 11. Rd1 Be6 12. b4 axb4 13. axb4 Qd7 14. b5 Ne7 15. Ng5 c6 16. Bd2 d5 17. Nxe6 Qxe6 18. Na4 Nd7 19. c5 e4 20. Rdc1 Ne5 21. bxc6 N7xc6 22. Nc3 Red8 23. Nb5 Rac8 24. Qb3 exd3 25. exd3 Nf7 26. Re1 Qf6 27. Bxd5 Rxd5 28. Qxd5 Rd8 29. Qe6 Nce5 30. Rxe5 Qxe5 31. Qxe5 Nxe5 32. Be3 Rxd3 33. Nd6 Ng4 34. Bf4 Bd4 35. Nxb7 Bxf2+ 36. Kf1 Rc3 37. h3 Bxc5 38. hxg4 Be3 39. Be5 Rc2 40. gxf5 Rf2+ 41. Ke1 Rxf5 42. Bd6 Rf2 43. Rb3 Rf7 44. Na5 Rd7 45. Nc4 Bh6 46. Ke2 Kg7 47. Be5+ Kf7 48. Bc3 Ke6 49. g4 Rc7 50. Nb2 Bg7 51. Rb6+ Kd5 52. Rb5+ Kc6 53. Rb3 Re7+ 54. Kf3 Bxc3 55. Rxc3+ Kd6 56. Nc4+ Kd5 57. Nd2 Kd4 58. Rc4+ Kd3 59. Re4 Rf7+ 60. Rf4 Rxf4+ 61. Kxf4 Kxd2 62. Kf3 Kd3 63. Kf4 Kd4 64. g5 1/2-1/2

[Event "Reunion op 17th"]
[Site "St Denis"]
[Date "2015.10.10"]
[Round "8"]
[White "Mercadal, Theo"]
[Black "Strate, Wolfgang"]
[Result "1/2-1/2"]
[WhiteElo "1143"]
[BlackElo "1628"]
[PlyCount "139"]
[EventDate "2015.10.10"]
[EventType "swiss"]
[EventRounds "9"]
[EventCountry "RUF"]
[SourceTitle "CBM 168 Extra"]
[Source "ChessBase"]
[SourceDate "2015.10.29"]
[SourceVersion "1"]
[SourceVersionDate "2015.10.29"]
[SourceQuality "1"]

1. c4 Nf6 2. g3 e6 3. d3 d5 4. cxd5 exd5 5. Bg2 Bb4+ 6. Bd2 Bxd2+ 7. Nxd2 0-0 8. Ngf3 Re8 9. 0-0 c6 10. Re1 Qb6 11. Qb3 Be6 12. Qxb6 axb6 13. a3 Nbd7 14. Rac1 Nc5 15. d4 Nce4 16. e3 Rad8 17. Nxe4 dxe4 18. Nd2 Bd5 19. h3 Nh5 20. Kh2 Rd6 21. b4 f5 22. Rb1 Nf6 23. Bf1 b5 24. Ra1 Ra8 25. Nb1 Rdd8 26. Nc3 Bb3 27. Be2 Ra7 28. Bd1 Bxd1 29. Rexd1 Rda8 30. Nb1 Nd5 31. Kg2 Nxb4 32. g4 fxg4 33. hxg4 Nc2 34. Ra2 Nb4 35. Rb2 Nd5 36. Re1 g5 37. f3 exf3+ 38. Kxf3 Rf8+ 39. Kg3 Raa8 40. Rh2 Rae8 41. e4 Nf4 42. Rd2 h5 43. gxh5 Nxh5+ 44. Kg2 Nf4+ 45. Kg3 Nh5+ 46. Kg2 Rf4 47. Nc3 Rg4+ 48. Kf2 Rf8+ 49. Ke2 Rg2+ 50. Kd1 Rxd2+ 51. Kxd2 Kg7 52. Rg1 Kg6 53. d5 cxd5 54. exd5 Nf4 55. d6 Ne6 56. Nxb5 Nc5 57. Ke3 Rf5 58. Kd4 b6 59. Kc4 Kf6 60. Rd1 Nd7 61. Rd2 g4 62. Rg2 Ne5+ 63. Kd5 Rg5 64. Kd4 Nd7 65. a4 g3 66. Nc3 Ke6 67. Ne4 Rd5+ 68. Ke3 Nc5 69. Rxg3 Nxe4 70. Kxe4 1/2-1/2